00344pab a2200133 454500008004000000100001800040245005700058260000900115300001500124362000800139650002700147700002000174773001600194180718b2006 xxu||||| |||| 00| 0 eng d aRoby, Jini L. aThe African orphan crisis and international adoption c2006 ap.199-210. aJul aResidential child care aShaw, Stacey A. aSocial Work